书目信息 |
| 题名: |
园艺植物育种学总论
|
|
| 作者: | 景士西 主编 | |
| 分册: | ||
| 出版信息: | 北京 中国农业出版社 2000 |
|
| 页数: | 323页 | |
| 开本: | 24cm | |
| 丛书名: | ||
| 单 册: | ||
| 中图分类: | S680.3 | |
| 科图分类: | ||
| 主题词: | 观赏园艺 , 花卉 , 园林树木 | |
| 电子资源: | ||
| ISBN: | 7-109-06075-6 | |
| 000 | 00646nam0 2200229 450 | |
| 001 | 0736364662 | |
| 005 | 20070704162002.68 | |
| 010 | @a7-109-06075-6@dCNY28.50 | |
| 100 | @a20070702d2000 km y0chiy0120 ea | |
| 101 | 0 | @achi |
| 102 | @aCN@b110000 | |
| 200 | 1 | @a园艺植物育种学总论@Ayuan yi zhi wu yu zhong xue zong lun@f景士西主编@Fjing shi xi zhu bian |
| 210 | @a北京@c中国农业出版社@d2000@h2003 | |
| 215 | @a323页@d24cm | |
| 300 | @a面向21世纪课程教材 | |
| 606 | 0 | @a观赏园艺 |
| 606 | 0 | @a花卉 |
| 606 | 0 | @a园林树木 |
| 690 | @aS680.3@v3 | |
| 701 | 0 | @a景士西@Ajing shi xi@4主编 |
| 801 | 0 | @aCN@bPFT@c20070704 |
| 905 | @a10447@dS680.3@e166 | |
| 园艺植物育种学总论/景士西主编.-北京:中国农业出版社,2000(2003) |
| 323页;24cm |
| 面向21世纪课程教材 |
| ISBN 7-109-06075-6:CNY28.50 |
| ● |
| 相关链接 |
|
|
|
|
正题名:园艺植物育种学总论
索取号:S680.3/166
 
预约/预借
| 序号 | 登录号 | 条形码 | 馆藏地/架位号 | 状态 | 备注 |
| 1 | 0763969 | 207639698 | 第二样本阅览室/ [索取号:S680.3/166] | 在馆 | |
| 2 | 0763970 | 207639705 | 密集书库/ [索取号:S680.3/166] | 在馆 | |
| 3 | 0763971 | 207639714 | 密集书库/ [索取号:S680.3/166] | 在馆 |